Online Catalogue and eLibrary

The politics of women's education : (Record no. 2971)

MARC details
000 -LEADER
fixed length control field 00530nam a2200181Ia 4500
005 - DATE AND TIME OF LATEST TRANSACTION
control field 20240801044356.0
008 - FIXED-LENGTH DATA ELEMENTS--GENERAL INFORMATION
fixed length control field 240331s9999 xx 000 0 und d
020 ## - INTERNATIONAL STANDARD BOOK NUMBER
ISBN 0472083287
082 ## - DDC Classification
Item Number - Author Mark POL
Class No. 376
245 #4 - TITLE STATEMENT
Title The politics of women's education :
Remainder of title perspectives from Asia, Africa, and Latin America
260 ## - PUBLICATION, DISTRIBUTION, ETC.
Place of publication, distribution, etc. United States of America
Name of publisher, distributor, etc. The University of Michigan press
Date of publication, distribution, etc. 1995
300 ## - PHYSICAL DESCRIPTION
Extent (e.g. Volumes, Pages etc.) viii, 261 p .,
650 ## - SUBJECT ADDED ENTRY--TOPICAL TERM
Topical term or geographic name entry element Women
650 ## - SUBJECT ADDED ENTRY--TOPICAL TERM
Topical term or geographic name entry element Political
650 ## - SUBJECT ADDED ENTRY--TOPICAL TERM
Topical term or geographic name entry element Economic
700 ## - ADDED ENTRY--PERSONAL NAME
Personal name Conway, J.K.
Relator term (Role) Editor
942 ## - Koha item type (Biblio)
Koha item type Books in Stacks (Lending)
Holdings
Lost status Damaged status Collection code Home library Current library Shelving location Date acquired Full call number Accession Number Item type
    Lending WERC Library WERC Library Social Science Cupboard 03/31/2024 376 POL 4016 Books in Stacks (Lending)

© WERC Library